| 000 | 00531nam a22001937a 4500 | ||
|---|---|---|---|
| 005 | 20260106160341.0 | ||
| 008 | 260106b |||||||| |||| 00| 0 eng d | ||
| 020 | _a978-936-93330-36-9 | ||
| 050 | _aRG 524V.M83 2023 | ||
| 100 | _aMUDALIAR AL | ||
| 245 | _aREVISED AS THE CBME CURRICULUM MUDALIAR AND MENON'S CLINICAL OBSTETRICS | ||
| 250 | _a13th | ||
| 260 |
_aINDIA _bUNIVERSITY PRESS _c2023 |
||
| 300 | _aX,669 | ||
| 500 | _aINCLUDES AN INDEX | ||
| 650 | _aObstetrics | ||
| 700 | _aMENON KRISHNA MK | ||
| 942 |
_2lcc _cBK |
||
| 999 |
_c216415 _d216415 |
||